00600nam a2200145 a 450000100100000000500170001000800410002704000250006810000350009324501290012826000550025730000200031295201050033299900170043700003814820201002031202.0130319s2002 dr 000 0 spa d aDO-SdBNPbspacBNPHU1 aFigueiras, Carmen Luisa96451013aEl foro ciudadano como espacio de articulación de la sociedad civil :bbalance y perspectivas /cCarmén Luisa Figueiras. aSanto Domingo :bParticipación Ciudadana,c2002. a77 p. ;c26 cm. 0010718PDaPDbPDcCTd2013-03-19iLF1l0o p38148-10r2020-06-25w2020-06-25yLFPDZNo se presta c37638d37638